Peças do xadrez (com tabuleiro e imagens!) - Statistics

Estatísticas Gerais
  • Esse quiz foi jogado 340 vezes
  • A pontuação média é 6 de 6
Estatísticas das Respostas
Peça % Correto
Rainha
100%
Cavalo
99%
Rei
99%
Torre
99%
Bispo
97%
Peão
96%
Nenhum quiz correspondente encontrado
Distribuição das Pontuações
Porcentagem de Pessoas com Cada Pontuação
Percentil de Números Respondidos
Sua Pontuação Histórica
Você não jogou esse quiz